<?xml version="1.0" encoding="UTF-8"?>
<record
    xmlns:xsi="http://www.w3.org/2001/XMLSchema-instance"
    xsi:schemaLocation="http://www.loc.gov/MARC21/slim http://www.loc.gov/standards/marcxml/schema/MARC21slim.xsd"
    xmlns="http://www.loc.gov/MARC21/slim">

  <leader>00981nam a2200253 i 4500</leader>
  <controlfield tag="001">50211</controlfield>
  <controlfield tag="003">ES-MaACL</controlfield>
  <controlfield tag="005">20250522063044.0</controlfield>
  <controlfield tag="007">t|</controlfield>
  <controlfield tag="008">030801s1982    sp           ||||1| spa d</controlfield>
  <datafield tag="080" ind1=" " ind2=" ">
    <subfield code="a">821.134.2-223"17"</subfield>
  </datafield>
  <datafield tag="100" ind1="1" ind2=" ">
    <subfield code="a">Cruz, Ram&#xF3;n de la, </subfield>
    <subfield code="d">1731-1794</subfield>
    <subfield code="9">41806</subfield>
  </datafield>
  <datafield tag="245" ind1="1" ind2="0">
    <subfield code="a">Sainetes. </subfield>
    <subfield code="n">1 / </subfield>
    <subfield code="c">Ram&#xF3;n de la Cruz ; edici&#xF3;n, introducci&#xF3;n y notas de John Dowling.</subfield>
  </datafield>
  <datafield tag="260" ind1=" " ind2=" ">
    <subfield code="a">Madrid : </subfield>
    <subfield code="b">Castalia, </subfield>
    <subfield code="c">[1982]</subfield>
  </datafield>
  <datafield tag="300" ind1=" " ind2=" ">
    <subfield code="a">1 v. : </subfield>
    <subfield code="b">5 h. de l&#xE1;m. ; </subfield>
    <subfield code="c">18 cm.</subfield>
  </datafield>
  <datafield tag="490" ind1="1" ind2=" ">
    <subfield code="a">Cl&#xE1;sicos Castalia ; </subfield>
    <subfield code="v">124</subfield>
  </datafield>
  <datafield tag="500" ind1=" " ind2=" ">
    <subfield code="a">Glosario.</subfield>
  </datafield>
  <datafield tag="504" ind1=" " ind2=" ">
    <subfield code="a">Bibliografia: p. 55-63.</subfield>
  </datafield>
  <datafield tag="505" ind1="8" ind2=" ">
    <subfield code="a">Contiene: 1 ; </subfield>
    <subfield code="t">El Prado por la noche ; </subfield>
    <subfield code="t">La Pradera de San Isidro ; </subfield>
    <subfield code="t">La comedia de maravillas ; </subfield>
    <subfield code="t">La presumida burlada ; </subfield>
    <subfield code="t">Manolo ; </subfield>
    <subfield code="t">Las us&#xED;as y las payas ; </subfield>
    <subfield code="t">El cortejo escarmentado ; </subfield>
    <subfield code="t">El diablo autor aburrido</subfield>
  </datafield>
  <datafield tag="700" ind1="1" ind2=" ">
    <subfield code="a">Dowling, John.</subfield>
    <subfield code="9">45533</subfield>
  </datafield>
  <datafield tag="830" ind1="0" ind2=" ">
    <subfield code="a">Cl&#xE1;sicos Castalia ; </subfield>
    <subfield code="v">124</subfield>
    <subfield code="9">178595</subfield>
  </datafield>
  <datafield tag="852" ind1=" " ind2=" ">
    <subfield code="a">ES-MaACL</subfield>
    <subfield code="j">P-1863</subfield>
  </datafield>
  <datafield tag="999" ind1=" " ind2=" ">
    <subfield code="c">50211</subfield>
    <subfield code="d">50211</subfield>
  </datafield>
  <datafield tag="952" ind1=" " ind2=" ">
    <subfield code="0">0</subfield>
    <subfield code="1">0</subfield>
    <subfield code="4">0</subfield>
    <subfield code="7">0</subfield>
    <subfield code="a">ATENEOM</subfield>
    <subfield code="b">ATENEOM</subfield>
    <subfield code="c">DEPO2</subfield>
    <subfield code="d">2008-01-17</subfield>
    <subfield code="e">SC</subfield>
    <subfield code="l">0</subfield>
    <subfield code="o">P-1863</subfield>
    <subfield code="p">1052818</subfield>
    <subfield code="r">2023-02-23 00:00:00</subfield>
    <subfield code="w">2023-02-23</subfield>
    <subfield code="y">MONOGRAFIA</subfield>
  </datafield>
</record>
